000 00559nam a22001817a 4500
005 20251108164252.0
008 250721s9999 xx 000 0 ara d
082 1 4 _a793.4/شوا
100 1 _aشواهين، خير
245 1 0 _aإلعب مع العلوم :
_bألعاب و خدع و أحاجي علميه /
264 1 _aإربد :
_bمكتبة الأمل،
_c[19-].
300 _a200ص.
490 0 _aطرق حديثه في التجريب العلمي ؛ 3
650 1 7 _aالألعاب
650 1 7 _aالعلوم
942 _2ddc
_cBK
999 _c7937
_d7937